The challenges of tribal development : (Record no. 65629)

MARC details
000 -LEADER
fixed length control field 00466nam a22001457a 4500
005 - DATE AND TIME OF LATEST TRANSACTION
control field 20200926122342.0
020 ## - INTERNATIONAL STANDARD BOOK NUMBER
International Standard Book Number 8176251089
Terms of availability 475.00
035 ## - SYSTEM CONTROL NUMBER
System control number B-31336, B-31338
037 ## - SOURCE OF ACQUISITION
Stock number DPL
Source of stock number/acquisition ENG
100 ## - MAIN ENTRY--PERSONAL NAME
Personal name Padhy, Kishore C.
245 ## - TITLE STATEMENT
Title The challenges of tribal development :
Remainder of title Essays in honour of Dr. N. Patnaik /
Statement of responsibility, etc by Kishore C. Padhy
260 ## - PUBLICATION, DISTRIBUTION, ETC. (IMPRINT)
Place of publication, distribution, etc New Delhi
Name of publisher, distributor, etc Sarup and Sons
Date of publication, distribution, etc 2000
300 ## - PHYSICAL DESCRIPTION
Extent v, 243p.
Dimensions 18 cms.
942 ## - ADDED ENTRY ELEMENTS (KOHA)
Source of classification or shelving scheme Dewey Decimal Classification
Item type English Books
Classification part 307.772
Call number suffix PAD
Holdings
Withdrawn status Lost status Not for loan Collection code Home library Current library Date acquired Cost, normal purchase price Full call number Barcode Cost, replacement price Koha item type Source of acquisition
      Non-fiction Sarojini Nagar Sarojini Nagar 25/04/2012 0.00 307.772 PAD B-031336 475.00 English Books  
      Non-fiction Shahdara Branch Shahdara Branch 07/08/2018 0.00 307.772 PAD B-031338 0.00 English Books BPPD/PUB

© Delhi Public Library
Hit Counter
free hit counter